Tableaux d'Ingres - Statistiques

Statistiques générales
  • Ce quiz a été pris 2 fois
  • Le résultat moyen est 2 sur 12
Statistiques - réponses
Par images Hint Réponse % Correct
1814 La grande odalisque
100%
1824 Le Vœu de Louis XIII
50%
1866 Antiochus et Stratonice
0%
1808 Baigneuse de Valpinçon
0%
1852 - 1859 Bain turc
0%
1811 Jupiter et Thétis
0%
1840 La maladie d'Antiochus/Antiochus et Stratonice
0%
1827 L'apothéose d'Homère/Homère défié
0%
1851-1853 La princesse de Broglie
0%
1806 Napoléon Ier sur le trône impérial/Sa majesté l'empereur des Français sur son trône
0%
1809 Œdipe explique l’énigme du sphinx
0%
1832 Portrait de Bertin
0%
Aucun quiz correspondant
Distribution des résultats
% des personnes avec chaque résultat
Percentile par nombre de réponses
Votre historique - résultats
Vous n’avez pas pris ce quiz